In Whom We Trust A Forum on Fiduciary Relationships

Bibliographic Details
Format: eBook
Language:English
Published: Toronto: Irwin Law Inc., 2002
Subjects:
Online Access:Acceso restringido

MARC

LEADER 00000nam a22000007a 4500
005 20210831213619.0
007 cr|||| ||||
008 210831s2002 ca |||||s|||| 00||0 eng d
020 |a 9781459313668 
035 |a 35313 
040 |a vLex 
090 |c 12179  |d 12179 
245 0 2 |a In Whom We Trust  |h [Recurso electrn̤ico] :  |b A Forum on Fiduciary Relationships 
256 |a Servicio en ln̕ea 
260 |a Toronto:  |b Irwin Law Inc.,  |c 2002 
300 |a 1 recurso electrn̤ico 
500 |a Since the time of contact, the relationship between Aboriginal Peoples and the governments of Canada has found its expression across negotiation tables, around healing circles, in funding and service agreements, in the Courts, and most importantly, in the lives of thousands of individuals. This relationship is often perceived as adversarial, disabling, characterized by mistrust, and conducive to disenchantment. Yet, it is frequently labelled as “fiduciary,” a term that should normally spell trust, respect, and prosperity. In Whom We Trust explores the difficult concept of a fiduciary relationship in theory and practice, in Canada and elsewhere in the world. The papers are written from a variety of perspectives. They bring together state-of-the-art knowledge of the history, understanding, and application of the fiduciary concept and speak to the future possibilities of the concept, its promises and its difficulties. The papers were originally presented at a conference held in London, Ontario. They have been thoroughly rewritten to take account of the comments and reactions of many interested and very thoughtful audience participants. On behalf of the Law Commission of Canada and the Association of Iroquois and Allied Indians, Irwin Law is very pleased to bring this important work to a broader audience. 
506 1 |a Disponible solo en los productos indicados  |d vLex Global  |d vLex Global (Academic Edition, excluding Law Schools)  |d vLex Global (U.S. Academic Edition, Law Schools)  |d vLex Global (U.S. Academic Edition, excluding Law Schools)  |d vLex Global (Academic Edition, Law Schools) 
650 0 4 |a Derecho Comunitario  |z Canad̀ 
740 0 |a vLex Libros (Servicio en ln̕ea) 
856 4 0 |u https://app.vlex.com/#/sources/35313  |z Acceso restringido 
942 |c BOOK 
999 0 |a Community Law